Quick Pick: Slytherins Quiz Stats

 Plays Quiz Updated May 18, 2018

Challenge
Share
Tweet
Embed
Score 0/10 Timer 01:00
3 Plays Today
% Correct
Draco Malfoy
93.5%
Tom Riddle
79.8%
Vincent Crabbe
79.1%
Horace Slughorn
75.3%
Regulus Black
75.2%
Blaise Zabini
75.1%
Pansy Parkinson
74%
Millicent Bulstrode
70.5%
Marcus Flint
68.1%
Adrian Pucey
46.3%

Today's Daily Dose

Quick Pick
The Muppets

On This Day
December 19th II

You're not logged in!

Compare scores with friends on all Sporcle quizzes.
OR
Log In

You Might Also Like...

Show Comments

Extras

Top Quizzes Today


Score Distribution

Your Account Isn't Verified!

In order to create a playlist on Sporcle, you need to verify the email address you used during registration. Go to your Sporcle Settings to finish the process.

Report this User

Report this user for behavior that violates our Community Guidelines.

Details: